[Event "Swiss Queens Wed #17"]
[Site "FIDE Online Arena INT"]
[Date "2024.05.22"]
[Round "1"]
[White "Preobrazhenskaya, Diana"]
[Black "Pujari, Rucha"]
[Result "1-0"]
[WhiteElo "1981"]
[BlackElo "2173"]
[PlyCount "95"]
[EventDate "2024.05.22"]
[EventType "swiss (blitz)"]
[EventRounds "11"]
[EventCountry "NET"]
[SourceTitle "CB22_2024"]
[SourceDate "2024.05.29"]
[SourceVersion "1"]
[SourceVersionDate "2024.05.29"]
[SourceQuality "1"]

1. e4 e5 2. Nf3 Nc6 3. Bb5 a6 4. Ba4 Nf6 5. 0-0 Be7 6. Re1 b5 7. Bb3 d6 8. c3 0-0 9. h3 Nb8 10. d4 Nbd7 11. Nbd2 Bb7 12. Bc2 Re8 13. b3 Bf8 14. d5 c6 15. c4 bxc4 16. bxc4 Nc5 17. Nf1 cxd5 18. cxd5 g6 19. Bg5 h6 20. Bd2 Bg7 21. Ng3 Qe7 22. Rb1 Reb8 23. Qc1 Kh7 24. Be3 Nfd7 25. Qd2 a5 26. a4 Qd8 27. h4 Na6 28. h5 Nb4 29. Bb3 Ba6 30. Rec1 Rc8 31. Nh2 Rxc1+ 32. Rxc1 Rc8 33. Ng4 Rxc1+ 34. Qxc1 Nd3 35. Qd2 N7c5 36. Bc2 Nb4 37. Bb1 Qf8 38. f4 exf4 39. Bxf4 Nxa4 40. e5 dxe5 41. Bxe5 Qc5+ 42. Kh2 Qxd5 43. Qf4 Nd3 44. hxg6+ fxg6 45. Bxd3 Bxd3 46. Bxg7 g5 47. Qf8 Kg6 48. Ne5+ 1-0

[Event "Swiss Queens Wed #17"]
[Site "FIDE Online Arena INT"]
[Date "2024.05.22"]
[Round "7"]
[White "Priyanka, Nutakki"]
[Black "Pujari, Rucha"]
[Result "1-0"]
[WhiteElo "2355"]
[BlackElo "2173"]
[PlyCount "53"]
[EventDate "2024.05.22"]
[EventType "swiss (blitz)"]
[EventRounds "11"]
[EventCountry "NET"]
[SourceTitle "CB22_2024"]
[SourceDate "2024.05.29"]
[SourceVersion "1"]
[SourceVersionDate "2024.05.29"]
[SourceQuality "1"]

1. d4 d5 2. Nf3 e6 3. c3 Nf6 4. Bf4 Bd6 5. e3 0-0 6. Nbd2 c5 7. Bg3 Qc7 8. Ne5 Nc6 9. f4 Ne7 10. Bd3 b6 11. Qf3 Bb7 12. Bh4 Nd7 13. Qh3 f5 14. Ndf3 Nf6 15. g4 cxd4 16. exd4 fxg4 17. Nxg4 Nxg4 18. Qxg4 Rxf4 19. Qxe6+ Kh8 20. Bg3 Rxf3 21. Bxd6 Qc6 22. 0-0-0 Re8 23. Rhf1 Nc8 24. Rxf3 Nxd6 25. Qh3 h6 26. Rdf1 Bc8 27. Rf8+ 1-0

[Event "Swiss Queens Wed #14"]
[Site "FIDE Online Arena INT"]
[Date "2024.05.01"]
[Round "3"]
[White "Pujari, Rucha"]
[Black "Arabidze, Meri"]
[Result "0-1"]
[WhiteElo "2172"]
[BlackElo "2457"]
[PlyCount "110"]
[EventDate "2024.05.01"]
[EventType "swiss (blitz)"]
[EventRounds "11"]
[EventCountry "NET"]
[SourceTitle "CB19_2024"]
[SourceDate "2024.05.08"]
[SourceVersion "1"]
[SourceVersionDate "2024.05.08"]
[SourceQuality "1"]

1. d4 Nf6 2. c4 e6 3. Nf3 Bb4+ 4. Bd2 Qe7 5. g3 Nc6 6. Bg2 Bxd2+ 7. Qxd2 Ne4 8. Qc2 Qb4+ 9. Nc3 Nxc3 10. bxc3 Qxc4 11. 0-0 d5 12. Rfb1 b6 13. Bf1 Qa6 14. e4 Qb7 15. exd5 exd5 16. Bb5 0-0 17. c4 Na5 18. c5 Bg4 19. Ne5 Qc8 20. Bd3 g6 21. f3 Bf5 22. Bxf5 Qxf5 23. Qxf5 gxf5 24. Re1 f6 25. Nd3 Kf7 26. Kf2 Rfe8 27. Nb4 c6 28. Rxe8 Rxe8 29. Re1 Rxe1 30. Kxe1 Ke6 31. Ke2 Kd7 32. Ke3 Nb7 33. cxb6 axb6 34. Kf4 Nd6 35. a4 Kc7 36. h4 Kd7 37. h5 Kc7 38. h6 Kd7 39. Nd3 Ke6 40. Nb4 c5 41. dxc5 bxc5 42. Nc2 d4 43. a5 Kd5 44. a6 Kc6 45. a7 Kb7 46. g4 fxg4 47. fxg4 Kxa7 48. g5 fxg5+ 49. Kxg5 Nf7+ 50. Kf5 Nxh6+ 51. Ke6 Kb6 52. Kd5 Nf5 53. Na3 Ne3+ 54. Ke4 h5 55. Nc2 Nxc2 0-1

[Event "Swiss Queens Wed #14"]
[Site "FIDE Online Arena INT"]
[Date "2024.05.01"]
[Round "1"]
[White "Pujari, Rucha"]
[Black "Vifleemskaia, Svetlana"]
[Result "1-0"]
[WhiteElo "2172"]
[BlackElo "1942"]
[PlyCount "117"]
[EventDate "2024.05.01"]
[EventType "swiss (blitz)"]
[EventRounds "11"]
[EventCountry "NET"]
[SourceTitle "CB19_2024"]
[SourceDate "2024.05.08"]
[SourceVersion "1"]
[SourceVersionDate "2024.05.08"]
[SourceQuality "1"]

1. d4 Nf6 2. c4 e6 3. Nf3 Bb4+ 4. Bd2 Qe7 5. g3 Nc6 6. Bg2 0-0 7. 0-0 Bxd2 8. Qxd2 d6 9. Nc3 a5 10. Rac1 Rd8 11. h3 h6 12. e3 a4 13. Rfe1 a3 14. b3 d5 15. e4 dxe4 16. Nxe4 Nxe4 17. Rxe4 Qb4 18. Qe2 Bd7 19. d5 Ne7 20. dxe6 Bxe6 21. Rxe6 fxe6 22. Qxe6+ Kh8 23. Ne5 Rf8 24. Qxe7 Qxe7 25. Ng6+ Kh7 26. Nxe7 Rfe8 27. Nd5 Rac8 28. h4 c6 29. Ne3 Rcd8 30. Rc2 Re7 31. Kh2 Red7 32. Be4+ Kg8 33. Kg2 Rd2 34. Rxd2 Rxd2 35. Nc2 Kf7 36. Kf3 Ke6 37. Nxa3 Rxa2 38. Nc2 Rb2 39. Kf4 Kf6 40. b4 g5+ 41. hxg5+ hxg5+ 42. Ke3 Ke5 43. f4+ gxf4+ 44. gxf4+ Kf6 45. c5 Rb3+ 46. Kd4 Rb2 47. Kc4 Ra2 48. Ne3 Re2 49. Ng4+ Ke6 50. Kd4 Rb2 51. f5+ Ke7 52. Ke5 Rxb4 53. f6+ Kf8 54. Nh6 Rc4 55. Ke6 Rxc5 56. f7 Rh5 57. Nf5 Rh2 58. Ne7 Rh7 59. Bxh7 1-0

[Event "Swiss Queens Wed #13"]
[Site "FIDE Online Arena INT"]
[Date "2024.04.24"]
[Round "5"]
[White "Balabayeva, Kseniya"]
[Black "Pujari, Rucha"]
[Result "1-0"]
[WhiteElo "2248"]
[BlackElo "2172"]
[PlyCount "81"]
[EventDate "2024.04.24"]
[EventType "swiss (blitz)"]
[EventRounds "11"]
[EventCountry "NET"]
[SourceTitle "CB18_2024"]
[SourceDate "2024.05.01"]
[SourceVersion "1"]
[SourceVersionDate "2024.05.01"]
[SourceQuality "2"]

1. e4 e5 2. Nf3 Nc6 3. Bc4 Nf6 4. d3 Be7 5. Nc3 0-0 6. Bg5 d6 7. a4 Be6 8. Bxf6 Bxf6 9. Nd5 a5 10. 0-0 g6 11. c3 Bg7 12. Qd2 Qd7 13. Rae1 h6 14. d4 Kh7 15. Ne3 Bxc4 16. Nxc4 exd4 17. cxd4 d5 18. Nce5 Nxe5 19. dxe5 Rfd8 20. exd5 Qxd5 21. Qf4 c5 22. h4 Qe6 23. Re4 Rd5 24. Rfe1 Rad8 25. Qe3 b6 26. Rf4 Rd1 27. Rxd1 Rxd1+ 28. Kh2 Rd5 29. Re4 Kg8 30. Qf4 Rd3 31. Re2 Rb3 32. Qe4 Rb4 33. Qa8+ Kh7 34. Qb7 Rxa4 35. Qc7 Rb4 36. Rd2 Qf5 37. Rd7 Re4 38. Rxf7 Qe6 39. Rxg7+ Kh8 40. Rh7+ Kg8 41. Qg7# 1-0

[Event "Titled Tuesday intern op 02nd May Early"]
[Site "Chess.com INT"]
[Date "2023.05.02"]
[Round "5"]
[White "Arkell, Keith C"]
[Black "Pujari, Rucha"]
[Result "1-0"]
[WhiteElo "2390"]
[BlackElo "2181"]
[PlyCount "53"]
[EventDate "2023.05.02"]
[EventType "swiss (blitz)"]
[EventRounds "11"]
[EventCountry "USA"]
[SourceTitle "EXT 2024"]
[Source "ChessBase"]
[SourceDate "2023.10.10"]
[SourceVersion "1"]
[SourceVersionDate "2023.10.10"]
[SourceQuality "1"]

1. d4 d5 2. Nf3 Nf6 3. c4 e6 4. cxd5 exd5 5. Nc3 c6 6. Qc2 Bd6 7. Bg5 a5 8. Bxf6 gxf6 9. g3 Na6 10. a3 Nc7 11. Bg2 f5 12. e3 Qf6 13. 0-0 h5 14. h4 Ne6 15. Ne2 Bd7 16. Rfd1 Ke7 17. Nf4 Rag8 18. b4 axb4 19. axb4 Nxf4 20. exf4 Ra8 21. Rxa8 Rxa8 22. Ne5 Be6 23. b5 cxb5 24. Qb3 Ra5 25. Bxd5 Bxe5 26. dxe5 Qh8 27. Qb4+ 1-0

[Event "Titled Tuesday intern op 02nd May Early"]
[Site "Chess.com INT"]
[Date "2023.05.02"]
[Round "6"]
[White "Pujari, Rucha"]
[Black "Isanzhulov, Arystan"]
[Result "1-0"]
[WhiteElo "2181"]
[BlackElo "2341"]
[PlyCount "131"]
[EventDate "2023.05.02"]
[EventType "swiss (blitz)"]
[EventRounds "11"]
[EventCountry "USA"]
[SourceTitle "EXT 2024"]
[Source "ChessBase"]
[SourceDate "2023.10.10"]
[SourceVersion "1"]
[SourceVersionDate "2023.10.10"]
[SourceQuality "1"]

1. d4 f5 2. c4 Nf6 3. Nf3 g6 4. g3 Bg7 5. Bg2 0-0 6. 0-0 d6 7. Nc3 Qe8 8. d5 e5 9. dxe6 Bxe6 10. Nd4 Bc8 11. Bg5 c6 12. Re1 h6 13. Bf4 Qd8 14. h4 Na6 15. Nxc6 bxc6 16. Bxc6 Rb8 17. Bxd6 Rxb2 18. Bxf8 Qxf8 19. Qc1 Rb6 20. Bf3 Kh7 21. Rb1 Nc5 22. Rb5 Ba6 23. Rxb6 axb6 24. Nd5 Nfe4 25. h5 gxh5 26. Bxh5 Bd4 27. e3 Nd3 28. Qb1 Nxe1 29. exd4 Bxc4 30. Nf4 Qg7 31. Qxe1 Qxd4 32. Bg6+ Kg7 33. Bxf5 Ng5 34. Qe7+ Bf7 35. Ne6+ Nxe6 36. Bxe6 Qf6 37. Qxf7+ Qxf7 38. Bxf7 Kxf7 39. Kg2 Ke6 40. f4 Kf5 41. Kf3 h5 42. a4 Kf6 43. g4 hxg4+ 44. Kxg4 Kg6 45. Kf3 Kf5 46. Ke3 Kf6 47. Ke4 Ke6 48. f5+ Kf6 49. Kf4 Kf7 50. Ke5 Ke7 51. Kd5 Kf6 52. Kc6 Kxf5 53. Kxb6 Ke6 54. a5 Kd7 55. Kb7 Kd6 56. a6 Kc5 57. a7 Kb4 58. a8Q Kb5 59. Qc8 Kb4 60. Qc6 Ka5 61. Qb6+ Ka4 62. Kc6 Ka3 63. Kc5 Ka2 64. Kc4 Ka1 65. Kc3 Ka2 66. Qb2# 1-0